Представление документа в формате MARC21

Поле Инд. ПП Название Значение
Тип записи a
Библиографический уровень b
001 Контрольный номер RU/IS/BASE/482936901
005 Дата корректировки 20200522191728.5
008 Кодируемые данные 20150421
040 b Код языка каталог. rus
e Правила каталог. PSBO
041 0_ a Код языка текста rus
084 a Индекс другой классификации/Индекс ББК 65.9(2Рос)-592
100 1_ a Автор Брынцев А.
245 10 a Заглавие Финансовая логистика - новый взгляд
504 a Библиография Библиогр.
520 a Аннотация Рассматриваются вопросы, связанные с развитием финансовой логистики, исследованием взаимосвязи основного финансового потока с остальными потоками, возникновением такого явления, как фрагментация.
650 14 a Основная рубрика логистика
a Основная рубрика экономика
653 1_ a Ключевые слова информационные потоки
a Ключевые слова конкурентоспособность экономики
a Ключевые слова логистическое управление (логистический менеджмент)
a Ключевые слова макроэкономические системы
a Ключевые слова материальные потоки
a Ключевые слова социально-экономическое развитие
a Ключевые слова стратегическое развитие
a Ключевые слова управление рисками (риск-менеджмент)
a Ключевые слова управление финансами (финансовый менеджмент)
a Ключевые слова устойчивое развитие
a Ключевые слова финансовая логистика
a Ключевые слова финансовая стратегия
a Ключевые слова финансовая устойчивость
a Ключевые слова финансовые потоки
a Ключевые слова финансовые ресурсы
a Ключевые слова финансовые риски
773 08 t Заглавие источника РИСК: ресурсы, информация, снабжение, конкуренция
d Дата издания источника 2013
g Прочая информация № 3. - С. 21 - 23 : расчет.
w Контрольный № источника RU/IS/BASE/439917319
901 t Тип документа b